Κατάλογος Βιβλιοθηκών Mediterranean College

Ανθρωπιστική Βοήθεια από την Ευρωπαϊκή Κοινότητα (Record no. 9104)

MARC details
000 -LEADER
fixed length control field 01451cam a22001694a 4500
005 - ΗΜΕΡΟΜΗΝΙΑ ΚΑΙ ΩΡΑ ΤΕΛΕΥΤΑΙΑΣ ΕΝΗΜΕΡΩΣΗΣ
Πεδίο ελέγχου 20250605163659.0
008 - FIXED-LENGTH DATA ELEMENTS--GENERAL INFORMATION
Πεδίο ελέγχου σταθερού μήκους 250528s ||||||||||||||||||||||||d
035 ## - SYSTEM CONTROL NUMBER
System control number 24210
040 ## - ΠΗΓΗ ΚΑΤΑΛΟΓΟΓΡΑΦΗΣΗΣ
Φορέας πρωτότυπης καταλογογράφησης MC Athens Campus Library
Γλώσσα καταλογογράφησης Ελληνικά, Μοντέρνα (1453-)
Modifying agency MC Athens Campus Library
Κανόνες περιγραφικής καταλογογράφησης AACR2
245 1# - ΤΙΤΛΟΣ ΚΑΙ ΔΗΛΩΣΗ ΥΠΕΥΘΥΝΟΤΗΤΑΣ
Τίτλος Ανθρωπιστική Βοήθεια από την Ευρωπαϊκή Κοινότητα
260 ## - PUBLICATION, DISTRIBUTION, ETC.
Name of publisher, distributor, etc. Επιτροπή Των Ευρωπαϊκών Κοινοτήτων
-- Οπτικοακουστικός Τομέας, Πληροφόρηση, Επικοινωνία Και Πολιτιστικά Θέματα,
Date of publication, distribution, etc. 1992
300 ## - PHYSICAL DESCRIPTION
Extent 6
520 ## - SUMMARY, ETC.
Summary, etc. Οι Πόροι της Κοινότητας, Συμβολή της Κοινότητας στην Επιχείρηση Αρωγής προς τους Κούρδους - 1991, Δέκα Χρόνια Ανθρωπιστικής Βοήθειας της ΕΚ: οι Σημαντικότερες Επείγουσες Περιπτώσεις - 1982-1992, Η Επείγουσα Ανθρωπιστική Βοήθεια της Κοινότητας - 1991, Επείγουσα Ανθρωπιστική Βοήθεια, Βοήθεια προς τους Πρόσγυγες, Ανθρωπιστική Βοήθεια στην Κεντρική και Ανατολική Ευρώπη, Επιστιστική Βοήθεια στους Πλέον Ευάλωτους, Το Κοινοτικό Σύστημα Αρωγής.
942 ## - ADDED ENTRY ELEMENTS (KOHA)
Koha item type Περιοδικά Δημοσιεύματα
Holdings
Τύπος τεκμηρίου Βιβλιοθήκη Τρέχουσα τοποθεσία Barcode Ημερομηνία απόκτησης Ταξιθετικό σύμβολο Αριθμός αντιτύπου Κατάσταση απόσυρσης Κατάσταση χαμένου Κατάσταση κατεστραμμένου Μη δανεισμός Σύνολο δανεισμών Ημερομηνία τελευταίας εμφάνισης Η τιμή ισχύει από
Περιοδικά Δημοσιεύματα MC Athens Campus Library MC Athens Campus Library 9780000091031 05/06/2025 EUROPEAN COMMISSION BULLETIN 1           05/06/2025 05/06/2025

MC Athens Campus Library
Πατησίων 94 & Κοδριγκτώνος 13, 104 34
Πελλήνης 8 & Πατησίων 107, 112 51
Τ: +30 210 8899600

MC Thessaloniki Campus Library
Ίωνος Δραγούμη 21, 54625 | Ίωνος Δραγούμη 15, 54625
Τ: +30 2310 287779 – Τ: +30 2314 440300